| 000 | 00317nam a22001337a 4500 | ||
|---|---|---|---|
| 020 | _qPB. | ||
| 040 | _cFIZZA ISHAQ | ||
| 082 |
_a624.18341 _bICS |
||
| 100 |
_aSYAL,IC. _991614 |
||
| 245 |
_aREINFORCED CONCRETE STRUCTURES / _cIC SYAL. |
||
| 260 |
_aS.CHAND COMPANY ; _c2016. |
||
| 300 | _a807 P. ; | ||
| 942 |
_2ddc _cBK |
||
| 999 |
_c589744 _d589744 |
||